| 000 | 00786cam a2200241 a 4500 | ||
|---|---|---|---|
| 001 | 1144679 | ||
| 005 | 20180214083156.0 | ||
| 008 | 950816r19951991ilua b 001 0 eng | ||
| 010 | _a 95037345 | ||
| 020 | _a0875805701 (alk. paper) | ||
| 040 |
_aDLC _cDLC _dDLC |
||
| 041 | _aeng | ||
| 043 | _ae-ur-ru | ||
| 080 | _a305.56330947 WOR | ||
| 082 | 0 | 0 |
_a305.56330947 WOR _220 |
| 100 | 1 | _a19 | |
| 101 | _aPOL | ||
| 245 | 1 | 0 |
_aPeasant Russia : _cChristine D. Worobec. |
| 504 | _aIncludes bibliographical references (p. [225]-247) and index. | ||
| 906 |
_a7 _bcbc _corignew _d1 _eocip _f19 _gy-gencatlg |
||
| 942 |
_2ddc _cBK |
||
| 999 |
_c42523 _d42523 |
||